| 000 | 01633nam a2200397 i 4500 | ||
|---|---|---|---|
| 001 | 000015125 | ||
| 003 | DO-SdBNP | ||
| 005 | 20260317105814.0 | ||
| 007 | ta | ||
| 008 | 100201t2001 dr o001 0 spa d | ||
| 020 | _a9993430293 | ||
| 040 |
_aDO-SdBNP _bspa _cBNPHU _erda |
||
| 041 | _aspa | ||
| 082 | 4 |
_a331.11097293 _bL925t _222 |
|
| 100 | 1 |
_aLozano, Wilfredo, _d1950- _eautor _4aut. _97126 |
|
| 245 | 1 | 4 |
_aLos trabajadores del capitalismo exportador : _bmercado de trabajo, economía exportadora y sustitución de importaciones en la República Dominicana, 1950-1980 / _cWilfredo Lozano. |
| 264 | 1 |
_aSanto Domingo : _bDepartamento Cultural del Banco Central, _c2001. |
|
| 300 |
_a397 páginas ; _c23 cm. |
||
| 336 |
_atexto _btxt _2rdacontent |
||
| 337 |
_asin mediación _bn _2rdamedia |
||
| 338 |
_avolumen _bnc _2rdacarrier |
||
| 490 | 1 |
_aBanco Central de la República Dominicana _v40 |
|
| 490 | 1 |
_aCiencias sociales _v8 |
|
| 500 | _aIncluye datos biográficos del autor en la solapa de la cubierta. | ||
| 500 | _aIncluye referencias bibliográficas y notas al pie de las páginas. | ||
| 504 | _aBibliografía : páginas 365-397. | ||
| 590 | _aInventariado, 2018/VM | ||
| 650 | 4 |
_aComercio exterior y empleo _934227 |
|
| 650 | 4 |
_aSustitución de importaciones _932025 |
|
| 650 | 7 |
_aMercado de trabajo _zRepública Dominicana _2LIBRUNAM _919058 |
|
| 650 | 4 |
_aPolitica de exportacion _934228 |
|
| 651 | 4 |
_aRepública Dominicana _xPolítica económica _9643 |
|
| 830 | 0 |
_aBanco Central de la República Dominicana _n40 _934229 _pCiencias sociales _v8 |
|
| 910 | _aValidado. Control de calidad EMS. | ||
| 942 |
_2ddc _cLBS1 |
||
| 999 |
_c14697 _d14697 |
||